DAMSKIE IMIONA NA LITRĘ K - Statystyki

Ogólne statystyki
  • Ten quiz został rozwiązany 472 razy
    418 od ostatniego zresetowania
  • Średni wynik to 7 z 15
Statystyki odpowiedzi
Hint Odpowiedź % Poprawnych
12 Katarzyna
90%
2 Karolina
87%
1 Kamila
79%
8 Kinga
69%
3 Kornelia
69%
6 Krystyna
63%
5 Klaudia
56%
10 Kaja
45%
13 Klara
42%
9 Kalina
40%
14 Karina
37%
4 Konstancja
23%
7 Klementyna
18%
11 Kordelia
5%
15 Kayla
1%
Nie znaleziono quizów pasujących do podanych kryteriów
Rozkład punktacji
Procent ludzi z każdym wynikiem
Percentyl według liczby udzielonych odpowiedzi
Twoja historia wyników
Nie rozwiązałeś tego quizu od ostatniego zresetowania